000
00284nam a22001337a 4500
008
181012b xxu||||| |||| 00| 0 eng d
020
_a
9780534554040
041
_a
eng
080
_a
591
100
_a
7
101
_a
ANA
245
_a
Animal Physiology
_c
Sherwood
942
_2
udc
_c
BK
999
_c
49516
_d
49516